[Event "Chile Championship Women 2022"]
[Site "Las Condes"]
[Date "2022.02.20"]
[Round "3.2"]
[White "Fuentes Inzunza, Lesly"]
[Black "Toro Pradenas, Maria Jose"]
[Result "0-1"]
[WhiteElo "1816"]
[BlackElo "1979"]
[Annotator "TA"]
[PlyCount "65"]
[EventDate "2022.02.18"]
[EventType "tourn"]
[EventCountry "CHI"]
[SourceTitle "playchess.com"]
[Source "ChessBase"]
[SourceQuality "1"]

{[%evp 9,65,0,0,-2,65,10,27,18,22,22,22,19,20,25,33,0,6,0,7,0,0,0,0,0,0,-19,0,0,0,0,0,0,0,-12,5,0,9,9,9,0,0,0,18,0,0,0,0,0,0,-74,-75,-87,-72,-70,-6,-565,-575,-1265]} 1. d4 d5 2. Nf3 Nf6 3. g3 e6 4. Bg2 c5 5. c3 Bd6 6. O-O {[%cal Oc3c4] D02: 1 d4 d5 2 Nf3 sidelines, including 2...Nf6 3 g3 and 2...Nf6 3 Bf4.} Nbd7 (6... Nc6 $11) 7. Nbd2 (7. c4 $14) 7... h6 8. Re1 {White has an edge.} b6 {[#]} 9. e4 $146 ({Predecessor:} 9. c4 Bb7 10. Qc2 Rc8 11. b3 g5 12. Bb2 Rg8 13. e3 h5 14. Ne5 Bb8 15. Nxd7 Kxd7 {0-1 (57) Gerke,D (1585)-Prsa,E (1610) Dortmund 2004}) 9... dxe4 (9... cxd4 $2 10. exd5 (10. cxd4 dxe4 11. Ne5 Bb7 $11) (10. Nxd4 O-O $16) 10... Nxd5 11. Nxd4 $18) 10. Nxe4 Nxe4 11. Rxe4 {Threatens to win with Nh4.} Bb7 12. Re1 {With the idea d5.} (12. Re2 $5 {[%cal Rd4d5]}) 12... O-O 13. Be3 Qe7 14. Nh4 Bxg2 15. Nxg2 cxd4 16. Bxd4 Bc5 17. Ne3 {[%cal Od4g7] [#] Bxg7! is the strong threat.} Bxd4 18. Qxd4 {[%cal Oe3f5]} Rad8 19. Rad1 Nc5 20. Qc4 Qb7 21. Rd4 {To avoid Ne4} Rxd4 22. cxd4 Ne4 {[#] White must now prevent ...Nd2.} 23. d5 Ng5 {Hoping for ...Nf3+.} 24. Rc1 exd5 25. Qxd5 Qa6 26. h4 Ne6 27. Nf5 Qe2 28. Ne7+ Kh8 29. Qf5 (29. Rc8 $11 Rxc8 30. Nxc8) 29... Qxb2 $17 30. Rc2 Qb1+ 31. Kg2 a6 ({Much worse is} 31... Nd4 32. Ng6+ Kg8 33. Ne7+ Kh8 34. Ng6+ Kg8 35. Ne7+ Kh8 $11) (31... Qd1 $15) 32. Ng6+ $2 {[%mdl 8192]} fxg6 $19 33. Qxf8+ {Weighted Error Value: White=0.48/Black=0.12 (very precise)} 0-1

[Event "Chile Championship Women 2022"]
[Site "Las Condes"]
[Date "2022.02.20"]
[Round "3.3"]
[White "Luna Benalcazar, Gianella"]
[Black "Vildosola Canales, Melany Selena"]
[Result "1/2-1/2"]
[WhiteElo "1736"]
[BlackElo "1645"]
[Annotator "NA"]
[PlyCount "41"]
[EventDate "2022.02.18"]
[EventType "tourn"]
[EventCountry "CHI"]
[SourceTitle "playchess.com"]
[Source "ChessBase"]
[SourceQuality "1"]
[TimeControl "5400+30"]

1. e4 {[%emt 0:03:34]} c5 {[%emt 0:00:17]} 2. Nf3 {[%emt 0:00:27]} Nc6 {[%emt 0:00:07]} 3. d4 {[%emt 0:00:05]} cxd4 {[%emt 0:00:05]} 4. Nxd4 {[%emt 0:00:05]} Nf6 {[%emt 0:00:04]} 5. Nc3 {[%emt 0:00:07]} e5 {[%emt 0:00:03]} 6. Ndb5 {[%emt 0:00:21]} d6 {[%emt 0:00:09]} 7. Bg5 {[%emt 0:00:18]} a6 {[%emt 0:00:07]} 8. Na3 {[%emt 0:01:53]} b5 {[%emt 0:00:05]} 9. Bxf6 {[%emt 0:00:09]} gxf6 {[%emt 0:00:10]} 10. Nd5 {[%emt 0:00:08]} Bg7 {[%emt 0:00:04]} 11. g3 {[%emt 0:00:28]} Ne7 {[%emt 0:02:52]} 12. Nxe7 {[%emt 0:03:36]} Qxe7 {[%emt 0:01:58]} 13. c4 {[%emt 0:03:08]} f5 {[%emt 0:40:33]} 14. cxb5 {[%emt 0:10:06]} O-O {[%emt 0:16:24]} 15. Bg2 {[%emt 0:23:21]} Bb7 {[%emt 0:13:52]} 16. Qe2 {[%emt 0:23:28]} fxe4 {[%emt 0:04:07]} 17. Bxe4 {[%emt 0:04:36]} d5 {[%emt 0:02:13]} 18. Bf5 {[%emt 0:01:02]} Qb4+ {[%emt 0:06:23]} 19. Qd2 {[%emt 0:03:00]} Qxd2+ {[%emt 0:00:36]} 20. Kxd2 {[%emt 0:00:01]} e4 {[%emt 0:00:27]} 21. Rab1 {[%emt 0:07:56]} 1/2-1/2

[Event "Chile Championship Women 2022"]
[Site "Las Condes"]
[Date "2022.02.20"]
[Round "3.4"]
[White "Gomez Barrera, Javiera Belen"]
[Black "Lemus Pena, Macarena"]
[Result "1-0"]
[WhiteElo "2199"]
[BlackElo "1703"]
[Annotator "TA"]
[PlyCount "65"]
[EventDate "2022.02.18"]
[EventType "tourn"]
[EventCountry "CHI"]
[SourceTitle "playchess.com"]
[Source "ChessBase"]
[SourceQuality "1"]

{[%evp 12,64,25,13,13,13,20,11,17,-9,0,-1,26,0,26,17,41,46,45,65,33,62,56,64,64,62,68,31,94,103,105,100,104,100,122,73,100,81,101,103,1042,999,991,954,1139,1124,1063,844,1322,1280,1258,1246,29997,29998,29999]} 1. e4 c5 2. Nf3 d6 3. d4 cxd4 4. Nxd4 Nf6 5. Nc3 a6 6. Bg5 Nbd7 7. Bc4 {7.Qe2 is the modern continuation.} Qb6 {B94: Sicilian Najdorf: 6 Bg5 Nbd7.} 8. Bb3 e6 $1 9. Qd2 Be7 {The position is equal.} 10. O-O-O Nc5 $1 11. f3 O-O 12. h4 {[%cal Bh2h4,Bh4h5,Bh5h6][%mdl 32]} Qc7 13. h5 {[#]} b5 $146 ({Predecessor:} 13... h6 14. Be3 b5 15. a3 e5 16. Nde2 Nxb3+ 17. cxb3 Be6 18. Qc2 Rfc8 19. Rd2 Qb7 {0-1 (27) Dahanayake,I (1706)-Ozenir,E (2261) Antalya 2019}) 14. h6 g6 15. Qf4 Ne8 16. Bxe7 Qxe7 17. e5 $1 dxe5 18. Qxe5 {[#] Nc6 is the strong threat.} Bb7 {To avoid Nc6} 19. Kb1 Nxb3 (19... Rc8 $14) 20. Nxb3 $40 {[%mdl 128] White attacks with force.} ({Much weaker is} 20. cxb3 Rd8 $14) ({Resist} 20. axb3 Rc8 $14) 20... Rc8 21. a3 Qc7 22. Qd4 {White is much more active. Black has bad knights.} e5 23. Qh4 ({White should play} 23. Qd7) 23... f5 24. Rd2 Nf6 25. Rhd1 Rcd8 $2 {[%mdl 8192] Inhibits Rd6. Black cannot hold the game after this.} (25... e4 $16) 26. Rxd8 $18 Rxd8 27. Qxf6 Rxd1+ 28. Nxd1 e4 29. fxe4 {[%cal Ob3c5] [#] And now Nc5! would win.} Bxe4 30. Nc3 Bxg2 31. Nd4 {Threatening mate with Ne6.} Qd7 32. Ne6 {[%csl Ge6][%cal Rf6f8]} Bf1 33. Qf8# {Weighted Error Value: White=0.10 (very precise) /Black=0.34} 1-0

[Event "Chile Championship Women 2022"]
[Site "Las Condes"]
[Date "2022.02.20"]
[Round "3.5"]
[White "Reyes Jara, Paula"]
[Black "Morales Flores, Monserrat"]
[Result "0-1"]
[WhiteElo "1880"]
[BlackElo "1943"]
[Annotator "TA"]
[PlyCount "110"]
[EventDate "2022.02.18"]
[EventType "tourn"]
[EventCountry "CHI"]
[SourceTitle "playchess.com"]
[Source "ChessBase"]
[SourceQuality "1"]

{[%evp 15,110,54,58,39,50,-13,-26,-33,-28,-25,-27,-27,-17,-10,-14,-19,-6,-22,-25,-52,0,-87,-76,-71,-71,-60,-52,-188,-128,-336,-290,-280,-289,-292,-291,-283,-289,-297,-273,-421,-214,-216,-208,-309,-210,-330,-329,-335,-306,-328,-322,-375,-375,-455,-368,-374,-364,-360,-327,-466,-430,-730,-739,-735,-266,-246,-247,-327,-326,-313,-242,-522,-513,-519,-504,-376,-520,-466,-473,-398,-366,-581,-314,-552,-547,-540,-510,-488,-497,-694,-681,-488,-622,-618,-532,-629,-622]} 1. e4 c5 2. Nc3 e6 3. Nf3 a6 4. d4 cxd4 5. Nxd4 b5 6. g3 Bb7 7. Bg2 Qc7 8. O-O Nc6 {8...d6 is becoming the main line.} 9. a4 {B43: Sicilian: Kan Variation: 5 Nc3.} b4 {[#]} 10. Na2 $146 ({White should try} 10. Bf4 $1 $14 d6 11. Nxc6 bxc3 12. Nb4) ({Predecessor:} 10. Nce2 Nf6 11. Nb3 Be7 12. Nf4 O-O 13. a5 Ne5 14. Re1 Rac8 15. Nd3 Nxd3 16. cxd3 d5 {1-0 (44) Dourerassou,J (2469)-Tarnowska,A (1752) Wroclaw 2014}) 10... Nf6 $11 11. Re1 {Black has an edge.} Nxd4 $1 12. Qxd4 Bc5 13. Qd1 O-O 14. c3 a5 {[%cal Ob4b3]} 15. cxb4 axb4 16. Be3 d6 17. Rc1 {[%cal Oa2b4]} Qb6 (17... Qa5 $1 $15 18. b3 Rfd8) 18. Bxc5 (18. Rc4 $1 $11) 18... dxc5 $17 19. b3 Rfd8 20. Qc2 Rac8 21. Bf1 (21. Red1 $15) 21... Rd4 (21... h6 $19 {[%cal Oc5c4]} 22. Bc4 Rd4) 22. e5 $2 {[#]} (22. Bg2 $17 {is a better defense.}) 22... Qc6 $1 {[%csl Gb7][%cal Rc6h1]} 23. f3 {[#]} Qxf3 24. Bg2 {Inhibits Qh1+.} (24. Qg2 Qxg2+) 24... Qxg2+ 25. Qxg2 Bxg2 26. Kxg2 Rd2+ 27. Kf3 (27. Kg1 $142 Nd5 28. Ra1) 27... Rxa2 (27... Nd5 $142 28. Ra1 Rd3+ 29. Kf2 Rxb3) 28. exf6 $19 gxf6 {[%mdl 4096] Endgame KRR-KRR} ({And not} 28... Rxh2 29. Re4) 29. h4 (29. h3 {was worth a try.}) 29... Rb2 30. Re3 (30. Rb1 {was the only chance.} Ra2 31. Ra1 Rxa1 32. Rxa1) 30... f5 31. g4 fxg4+ 32. Kxg4 f5+ 33. Kg5 Kf7 34. Rc4 h6+ 35. Kh5 Kf6 {Inhibits Re5. Strongly threatening ...Rg2.} 36. Rg3 {Inhibits Rg2.} Rb1 37. Rg6+ (37. a5 $142) 37... Ke5 38. Kxh6 (38. Rg3 $142) 38... Rxb3 39. h5 Rh8+ $2 (39... Rb1 40. Rc2 Re1) 40. Kg7 Rxh5 41. Rxc5+ Kd4 42. Rb5 e5 43. Rd6+ $2 (43. a5) 43... Ke4 {Hoping for ...f4.} 44. Kg6 Rhh3 45. Rdd5 f4 46. Rxe5+ Kf3 47. a5 Rh8 48. Kg5 (48. a6 $142 Ra8 49. Rf5) 48... Rb1 49. Rec5 $2 (49. a6) 49... Rf8 {( -> ...Rg1+). Black is clearly winning.} 50. Kg6 Kg3 51. Kg7 Ra8 52. Rc4 f3 {aiming for ...f2.} 53. Rg5+ Kf2 54. Rf5 Rb3 55. Kf7 Ra3 {White did not feel at home in the position after the opening.  Weighted Error Value: White=0.64/Black=0.34} 0-1

[Event "Chile Championship Women 2022"]
[Site "Las Condes"]
[Date "2022.02.21"]
[Round "4.1"]
[White "Lemus Pena, Macarena"]
[Black "Reyes Jara, Paula"]
[Result "1/2-1/2"]
[WhiteElo "1703"]
[BlackElo "1880"]
[Annotator "NA RC"]
[PlyCount "118"]
[EventDate "2022.02.18"]
[EventType "tourn"]
[EventCountry "CHI"]
[SourceTitle "playchess.com"]
[Source "ChessBase"]
[SourceQuality "1"]
[TimeControl "5400+30"]

1. Nf3 {[%emt 0:06:11]} Nf6 {[%emt 0:12:19]} 2. c4 {[%emt 0:01:15]} c5 {[%emt 0:00:26]} 3. Nc3 {[%emt 0:00:29]} Nc6 {[%emt 0:01:34]} 4. g3 {[%emt 0:00:16]} d5 {[%emt 0:01:02]} 5. cxd5 {[%emt 0:01:39]} Nxd5 {[%emt 0:00:21]} 6. Bg2 {[%emt 0:00:17]} Nc7 {[%emt 0:00:33]} 7. O-O {[%emt 0:02:59]} e5 {[%emt 0:03:04]} 8. d3 {[%emt 0:00:35]} Be7 {[%emt 0:07:39]} 9. Be3 {[%emt 0:04:33]} Rb8 {[%emt 0:13:53]} 10. a3 {[%emt 0:08:47]} O-O {[%emt 0:05:43]} 11. Qc2 {[%emt 0:01:31]} Nd4 {[%emt 0:06:33]} 12. Bxd4 {[%emt 0:04:36]} exd4 {[%emt 0:04:09]} 13. Ne4 {[%emt 0:03:20]} b6 {[%emt 0:00:22]} 14. Rfc1 {[%emt 0:08:18]} Ne6 {[%emt 0:03:50]} 15. Ned2 {[%emt 0:05:14]} Bb7 {[%emt 0:02:33]} 16. a4 {[%emt 0:09:23]} Re8 {[%emt 0:02:17]} 17. Ne5 {[%emt 0:05:54]} Bxg2 {[%emt 0:02:48]} 18. Kxg2 {[%emt 0:00:08]} Qd5+ {[%emt 0:00:05]} 19. Nef3 {[%emt 0:04:25]} Bg5 {[%emt 0:06:07]} 20. h4 {[%emt 0:07:21] [#]} Bxh4 $1 {[%emt 0:04:58]} 21. Rh1 {[%emt 0:09:19]} Bd8 {[%emt 0:01:00]} 22. Qc4 {[%emt 0:02:40]} Nc7 {[%emt 0:02:02]} 23. Rae1 {[%emt 0:01:12]} h6 {[%emt 0:03:11]} 24. Qxd5 {[%emt 0:03:10]} Nxd5 {[%emt 0:00:07]} 25. Rh5 {[%emt 0:00:12]} Nb4 {[%emt 0:01:52]} 26. Kf1 {[%emt 0:00:08]} Rb7 {[%emt 0:01:40]} 27. Nc4 {[%emt 0:02:24]} Re6 {[%emt 0:00:44]} 28. Re5 {[%emt 0:01:44]} Rbe7 {[%emt 0:01:09]} 29. Rc1 {[%emt 0:00:51]} Rxe5 {[%emt 0:02:28]} 30. Ncxe5 {[%emt 0:00:19]} Bc7 {[%emt 0:01:25]} 31. Nc4 {[%emt 0:00:10]} f5 {[%emt 0:02:35]} 32. Na3 {[%emt 0:01:16]} a6 {[%emt 0:01:11]} (32... a5 $17 33. Nb5 Be5 34. Nxe5 Rxe5) 33. a5 $1 {[%emt 0:00:44]} Kf7 $1 {[%emt 0:03:44]} 34. Rc4 {[%emt 0:01:28]} Nc6 {[%emt 0:00:17]} 35. axb6 {[%emt 0:00:38]} Bxb6 {[%emt 0:00:02]} 36. Rc1 {[%emt 0:01:53]} Ke6 {[%emt 0:00:41]} 37. Nc4 {[%emt 0:00:32]} Bc7 {[%emt 0:00:31]} 38. Ra1 {[%emt 0:00:38]} ({White should try} 38. Nfd2 $15) 38... Nb8 {[%emt 0:00:02]} (38... Nb4 $17) 39. Nfd2 {[%emt 0:01:11]} (39. b4 $1 $11) 39... Kd5 {[%emt 0:00:13]} 40. Ra3 {[%emt 0:00:32]} g5 {[%emt 0:02:00]} 41. Ra4 {[%emt 0:00:42]} Bd8 {[%emt 0:00:55]} 42. b4 {[%emt 0:01:17]} Rb7 {[%emt 0:00:19]} 43. bxc5 {[%emt 0:00:20]} Kxc5 {[%emt 0:00:21]} 44. Na5 {[%emt 0:00:21]} Bxa5 {[%emt 0:00:18]} 45. Rxa5+ {[%emt 0:00:06]} Rb5 {[%emt 0:00:14]} 46. Ra4 {[%emt 0:00:15]} a5 {[%emt 0:01:31]} 47. Ke1 {[%emt 0:01:40]} Nc6 {[%emt 0:00:30]} 48. Kd1 {[%emt 0:00:40]} Rb4 {[%emt 0:01:06]} 49. Ra1 {[%emt 0:00:04]} a4 {[%emt 0:00:44]} 50. Nc4 {[%emt 0:00:26]} Ne7 {[%emt 0:01:10]} 51. Na3 {[%emt 0:00:28] [#]} Nd5 $1 {[%emt 0:00:19]} 52. Nc2 {[%emt 0:00:28]} Nc3+ {[%emt 0:00:13]} 53. Kd2 {[%emt 0:00:48]} (53. Kc1 {is the only way for White.} Rb6 54. e3) 53... Rb3 {[%emt 0:01:03]} 54. e3 {[%emt 0:00:13]} dxe3+ {[%emt 0:00:06]} 55. fxe3 {[%emt 0:00:10]} Nb1+ {[%emt 0:01:16]} 56. Kc1 $1 {[%emt 0:00:10]} Nc3 {[%emt 0:00:03]} 57. Kd2 {[%emt 0:00:05]} Nb1+ {[%emt 0:00:31]} 58. Kc1 {[%emt 0:00:05]} Nc3 {[%emt 0:00:06]} 59. Kd2 {[%emt 0:03:30]} Kd5 $11 {[%emt 0:02:05]} 1/2-1/2

[Event "Chile Championship Women 2022"]
[Site "Las Condes"]
[Date "2022.02.20"]
[Round "4.2"]
[White "Vildosola Canales, Melany Selena"]
[Black "Gomez Barrera, Javiera Belen"]
[Result "0-1"]
[WhiteElo "1645"]
[BlackElo "2199"]
[Annotator "ChessBase"]
[PlyCount "64"]
[EventDate "2022.02.18"]
[EventType "tourn"]
[EventCountry "CHI"]
[SourceTitle "playchess.com"]
[Source "ChessBase"]
[SourceQuality "1"]
[TimeControl "5400+30"]

1. e4 {[%emt 0:00:29]} c5 {[%emt 0:00:12]} 2. Nf3 {[%emt 0:00:06]} d6 {[%emt 0:00:15]} 3. d4 {[%emt 0:00:12]} cxd4 {[%emt 0:00:02]} 4. Nxd4 {[%emt 0:00:08]} Nf6 {[%emt 0:00:08]} 5. Nc3 {[%emt 0:00:15]} a6 {[%emt 0:00:15]} 6. f3 {[%emt 0:00:32]} e5 {[%emt 0:00:32]} 7. Nb3 {[%emt 0:00:11]} Be7 {[%emt 0:00:14]} 8. Be3 {[%emt 0:00:11]} Be6 {[%emt 0:00:19]} 9. Qd2 {[%emt 0:00:31]} h5 {[%emt 0:00:17]} 10. O-O-O {[%emt 0:01:38]} Nbd7 {[%emt 0:00:19]} 11. f4 {[%emt 0:05:23]} Ng4 {[%emt 0:03:27]} 12. Kb1 {[%emt 0:04:13]} Nxe3 {[%emt 0:23:58]} 13. Qxe3 {[%emt 0:00:38]} Qb6 {[%emt 0:18:11]} 14. Qg3 {[%emt 0:10:45]} h4 {[%emt 0:08:04]} 15. Qf3 {[%emt 0:03:41]} Nf6 {[%emt 0:03:51]} 16. f5 {[%emt 0:03:59]} Bd7 {[%emt 0:00:22]} 17. Bc4 {[%emt 0:01:53]} Qc7 {[%emt 0:03:00]} 18. Bd5 {[%emt 0:02:39]} Rc8 {[%emt 0:01:45]} 19. Qf2 {[%emt 0:08:32]} b5 {[%emt 0:02:34]} 20. Rd2 {[%emt 0:06:36]} b4 {[%emt 0:04:09]} 21. Nd1 {[%emt 0:06:49]} Nxd5 {[%emt 0:00:26]} 22. exd5 {[%emt 0:08:40]} Bg5 {[%emt 0:02:07]} 23. Re2 {[%emt 0:05:46]} Kf8 {[%emt 0:05:43]} 24. Qf3 {[%emt 0:06:16]} a5 {[%emt 0:06:40]} 25. Nf2 {[%emt 0:05:34]} Bb5 {[%emt 0:04:32]} 26. Nd3 {[%emt 0:01:07]} a4 {[%emt 0:03:20]} 27. Nbc1 {[%emt 0:01:06]} a3 {[%emt 0:00:54]} 28. Nb3 {[%emt 0:06:16]} axb2 {[%emt 0:01:53]} 29. Qe4 {[%emt 0:03:47]} Bc4 {[%emt 0:01:16]} 30. Rf2 {[%emt 0:03:19]} Qa7 {[%emt 0:00:48]} 31. Rf3 {[%emt 0:02:28]} Bxd3 {[%emt 0:01:21]} 32. Qxd3 {[%emt 0:00:49]} Ra8 {[%emt 0:00:05]} 0-1

[Event "Chile Championship Women 2022"]
[Site "Las Condes"]
[Date "2022.02.20"]
[Round "4.3"]
[White "Toro Pradenas, Maria Jose"]
[Black "Luna Benalcazar, Gianella"]
[Result "1/2-1/2"]
[WhiteElo "1979"]
[BlackElo "1736"]
[Annotator "ChessBase"]
[PlyCount "48"]
[EventDate "2022.02.18"]
[EventType "tourn"]
[EventCountry "CHI"]
[SourceTitle "playchess.com"]
[Source "ChessBase"]
[SourceQuality "1"]
[TimeControl "5400+30"]

1. e4 {[%emt 0:02:06]} c6 {[%emt 0:00:07]} 2. d4 {[%emt 0:00:32]} d5 {[%emt 0:00:05]} 3. exd5 {[%emt 0:01:37]} cxd5 {[%emt 0:00:09]} 4. c4 {[%emt 0:00:16]} Nf6 {[%emt 0:00:05]} 5. Nc3 {[%emt 0:00:09]} g6 {[%emt 0:00:07]} 6. Nf3 {[%emt 0:04:06]} Bg7 {[%emt 0:00:38]} 7. Bd3 {[%emt 0:10:12]} O-O {[%emt 0:01:12]} 8. h3 {[%emt 0:01:36]} a6 {[%emt 0:06:26]} 9. O-O {[%emt 0:09:34]} Nbd7 {[%emt 0:04:24]} 10. Qe2 {[%emt 0:11:04]} dxc4 {[%emt 0:10:50]} 11. Bxc4 {[%emt 0:00:05]} b5 {[%emt 0:01:42]} 12. Bb3 {[%emt 0:03:13]} Nb6 {[%emt 0:03:10]} 13. Bg5 {[%emt 0:09:19]} Bb7 {[%emt 0:08:36]} 14. Rad1 {[%emt 0:02:05]} b4 {[%emt 0:06:20]} 15. Na4 {[%emt 0:02:56]} Nxa4 {[%emt 0:09:15]} 16. Bxa4 {[%emt 0:00:06]} Qa5 {[%emt 0:00:50]} 17. Bxf6 {[%emt 0:04:37]} Bxf6 {[%emt 0:04:28]} 18. Bb3 {[%emt 0:03:02]} Qh5 {[%emt 0:01:08]} 19. d5 {[%emt 0:02:46]} Rfd8 {[%emt 0:01:49]} 20. Kh2 {[%emt 0:05:32]} Qh6 {[%emt 0:06:58]} 21. Qe4 {[%emt 0:12:44]} a5 {[%emt 0:04:00]} 22. Ne5 {[%emt 0:01:44]} Rd6 {[%emt 0:16:03]} 23. Nc4 {[%emt 0:05:04]} Rdd8 {[%emt 0:00:22]} 24. Ne5 {[%emt 0:08:05]} Rd6 {[%emt 0:13:46]} 1/2-1/2

[Event "Chile Championship Women 2022"]
[Site "Las Condes"]
[Date "2022.02.20"]
[Round "4.4"]
[White "Araos Diaz, Constanza Paz"]
[Black "Fuentes Inzunza, Lesly"]
[Result "0-1"]
[WhiteElo "1435"]
[BlackElo "1816"]
[Annotator "NA"]
[PlyCount "120"]
[EventDate "2022.02.18"]
[EventType "tourn"]
[EventCountry "CHI"]
[SourceTitle "playchess.com"]
[Source "ChessBase"]
[SourceQuality "1"]
[TimeControl "5400+30"]

1. d4 {[%emt 1:31:00]} d5 {[%emt 0:02:01]} 2. Bf4 {[%emt 0:00:00]} Nf6 {[%emt 0:00:46]} 3. e3 {[%emt 0:00:00]} c5 {[%emt 0:00:42]} 4. c3 {[%emt 0:00:00]} Nc6 {[%emt 0:01:11]} 5. Bd3 {[%emt 0:00:00]} Bg4 {[%emt 0:05:59]} 6. Be2 {[%emt 0:00:00]} Bxe2 {[%emt 0:02:18]} 7. Qxe2 {[%emt 0:00:00]} e6 {[%emt 0:00:55]} 8. Nd2 {[%emt 0:00:00]} cxd4 {[%emt 0:05:36]} 9. exd4 {[%emt 0:00:00]} Bd6 {[%emt 0:01:06]} 10. Bxd6 {[%emt 0:00:00]} Qxd6 {[%emt 0:00:08]} 11. Ngf3 {[%emt 0:05:00]} O-O {[%emt 0:00:59]} 12. O-O {[%emt 0:00:00]} h6 {[%emt 0:12:17]} 13. Ne5 {[%emt 0:00:00]} b5 {[%emt 0:03:52]} 14. Nxc6 {[%emt 0:00:00]} Qxc6 {[%emt 0:03:21]} 15. Rac1 {[%emt 0:00:00]} a5 {[%emt 0:01:54]} 16. Nf3 {[%emt 0:00:00]} Qc4 {[%emt 0:11:58]} 17. Qxc4 {[%emt 0:00:00]} bxc4 {[%emt 0:10:51]} 18. Nd2 {[%emt 0:00:00]} a4 {[%emt 0:03:48]} 19. b3 {[%emt 0:00:00]} axb3 {[%emt 0:06:12]} 20. axb3 {[%emt 0:00:00]} Ra2 {[%emt 0:00:52]} 21. Rfd1 {[%emt 0:00:00]} cxb3 {[%emt 0:03:47]} 22. Nxb3 {[%emt 0:00:00]} Ne4 {[%emt 0:01:00]} 23. f3 {[%emt 0:00:00]} Nd6 {[%emt 0:01:36]} 24. Rd2 {[%emt 0:00:00]} Rxd2 {[%emt 0:03:51]} 25. Nxd2 {[%emt 0:00:00]} Rc8 {[%emt 0:00:26]} 26. Kf2 {[%emt 0:00:00]} Nb5 {[%emt 0:01:37]} 27. Ke3 {[%emt 0:00:00]} Rxc3+ {[%emt 0:00:37]} 28. Rxc3 {[%emt 0:00:00]} Nxc3 {[%emt 0:00:05]} 29. Nb3 {[%emt 0:00:00]} Kf8 {[%emt 0:00:46]} 30. Kd2 {[%emt 0:00:00]} Nb5 {[%emt 0:00:23]} 31. Kd3 {[%emt 0:00:00]} Ke7 {[%emt 0:00:30]} 32. g3 {[%emt 0:00:00]} g5 {[%emt 0:04:28]} 33. h3 {[%emt 0:00:00]} h5 {[%emt 0:00:15]} 34. Nc1 {[%emt 0:00:00]} Kf6 {[%emt 0:02:29]} 35. Ne2 {[%emt 0:00:00]} Kg6 {[%emt 0:02:22]} 36. Ke3 {[%emt 0:00:00]} Nd6 {[%emt 0:00:13]} 37. f4 {[%emt 0:00:00]} g4 {[%emt 0:01:28]} 38. h4 {[%emt 0:00:00]} Nf5+ {[%emt 0:00:26]} 39. Kd3 {[%emt 0:00:00]} Kf6 {[%emt 0:00:17]} 40. Kd2 {[%emt 0:00:00]} Ke7 {[%emt 0:00:11]} 41. Kd3 {[%emt 0:00:00]} Kd6 {[%emt 0:00:01]} 42. Kc3 {[%emt 0:00:02]} f6 {[%emt 0:01:37]} 43. Kd3 {[%emt 0:05:34]} Kc6 {[%emt 0:00:21]} 44. Kc3 {[%emt 0:00:10]} Kd6 {[%emt 0:01:18]} 45. Kd3 {[%emt 0:01:35]} Kc7 {[%emt 0:00:19]} 46. Kc3 {[%emt 0:00:43]} Kc6 {[%emt 0:00:41]} 47. Kb4 {[%emt 0:00:45]} Kd6 {[%emt 0:02:33]} 48. Kc3 {[%emt 0:00:31]} e5 {[%emt 0:00:16]} 49. fxe5+ {[%emt 0:01:07]} fxe5 {[%emt 0:00:09]} 50. dxe5+ {[%emt 0:01:34]} Kxe5 {[%emt 0:00:02]} 51. Kd3 {[%emt 0:00:55]} d4 {[%emt 0:00:30]} 52. Nf4 {[%emt 0:01:48]} Nxg3 {[%emt 0:00:52]} 53. Ng2 {[%emt 0:00:03]} Nf5 {[%emt 0:00:30]} 54. Ke2 {[%emt 0:00:35]} Ke4 {[%emt 0:00:16]} 55. Kf2 {[%emt 0:02:49]} d3 {[%emt 0:00:36]} 56. Kf1 {[%emt 0:00:29]} Ne3+ {[%emt 0:00:15]} 57. Nxe3 {[%emt 0:00:23]} Kxe3 {[%emt 0:00:08]} 58. Ke1 {[%emt 0:00:03]} g3 {[%emt 0:00:12]} 59. Kd1 {[%emt 0:00:13]} g2 {[%emt 0:00:26]} 60. Ke1 {[%emt 0:00:03]} g1=R# {[%emt 0:01:23]} 0-1